Branded/ (Record no. 202875)

MARC details
000 -LEADER
fixed length control field 00558 a2200193 4500
005 - DATE AND TIME OF LATEST TRANSACTION
control field 20240516105542.0
010 ## - LCCN (DPL NO)
LC control number B-759051
020 ## - INTERNATIONAL STANDARD BOOK NUMBER
International Standard Book Number 8190124900
Terms of availability 550.00
035 ## - SYSTEM CONTROL NUMBER
System control number B-759051
037 ## - SOURCE OF ACQUISITION
Source of stock number/acquisition Gift/Unesco
082 ## - DEWEY DECIMAL CLASSIFICATION NUMBER
Classification number 302.23
100 ## - MAIN ENTRY--PERSONAL NAME
Personal name Samhita, Vikram
245 ## - TITLE STATEMENT
Title Branded/
Statement of responsibility, etc Vikram Samhita
260 ## - PUBLICATION, DISTRIBUTION, ETC. (IMPRINT)
Place of publication, distribution, etc New Delhi
Name of publisher, distributor, etc Bridge
Date of publication, distribution, etc 2001
270 ## - ADDRESS
Address D-240(F.F), Sarvodaya Enclave
City New Delhi
Postal code 110017
300 ## - PHYSICAL DESCRIPTION
Extent 363 p.
Dimensions 23cm (Hb)
942 ## - ADDED ENTRY ELEMENTS (KOHA)
Institution code [OBSOLETE] dpl
Item type English Books
Source of classification or shelving scheme Dewey Decimal Classification
Classification part 302.23
Call number suffix SAM
Holdings
Withdrawn status Lost status Not for loan Collection code Home library Current library Date acquired Source of acquisition Cost, normal purchase price Full call number Barcode Copy number Koha item type Public note
      Non-fiction Ashok Vihar Ashok Vihar 15/05/2024 Gift/10.5.24 550.00 302.23 SAM B-759051 1 English Books Gift

© Delhi Public Library
Hit Counter
free hit counter